| 000 | 00408nam a2200181Ia 4500 | ||
|---|---|---|---|
| 005 | 20251020182541.0 | ||
| 008 | 200515s9999 xx 000 0 und d | ||
| 082 | _a741/A44 | ||
| 100 | _aALTENIDIKERFREDE | ||
| 245 | 0 | _aEl dibujo en proyección diédrica | |
| 260 | _aBarcelona | ||
| 260 | _c1974 | ||
| 300 | _a134 | ||
| 500 | _a1 ejemplar | ||
| 650 | _aDIBUJO TECNICO | ||
| 650 | _aLIB | ||
| 942 | _cLIB | ||
| 999 |
_c2397 _d2397 |
||